00446nam a2200169 a 450000100060000000300090000600800410001502000150005604000280007108200130009910000270011224500190013926000490015830000100020765000240021765000350024118242CO-ViMGA141112s2004 ck r 000 u spa d a9583005339 aCO-ViMGAbspacCO-ViMGA a986 O2151 aOcampo López, Javier10aLa Patria Boba aBogotá, cPanAméricana Editorial, c1998 a139p.14aCOLOMBIA - HISTORIA14aPRIMERA REPUBLICA, 1810 - 1816